000 00514nam a2200193Ia 4500
999 _c2975
_d2975
008 190719s9999||||xx |||||||||||||| ||und||
020 _a0070583773
020 _c615
082 _a621.31042 KOT
100 _aKothari D.P. and Nagrath I.J.
245 0 _aElectric machines /
_cby D.P. Kothari and I.J. Nagrath.
250 _a3rd ed.
260 _aNew-Delhi:
_bTata McGraw-Hill,
_c2006.
300 _axx, 975p.
300 _bpbk
650 0 _aElectric Machinery
700 _92257
_aNagrath, I. J.
942 _cBK